Programovanie v MODULE - 2

Gespeichert in:
Bibliographische Detailangaben
1. Verfasser: Slota, Ivan
Weitere Verfasser: Guspan, Dezider
Format: Buch
Sprache:Slowakisch
Veröffentlicht: Košice Dom techniky ČSVTS 1985
Tags: Tag hinzufügen
Keine Tags, Fügen Sie das erste Tag hinzu!

MARC

LEADER 00000nam a2200000 4500
001 c110639
005 20041019155147.4
041 0 |a slo 
044 |a SK 
245 1 0 |a Programovanie v MODULE - 2  |c Ivan Slota, Dezider Guspan 
264 1 |a Košice  |b Dom techniky ČSVTS  |c 1985 
300 |a 163 s. 
100 1 |a Slota, Ivan 
700 1 |a Guspan, Dezider